| 000 | 00602nam a2200169 4500 | ||
|---|---|---|---|
| 001 | 131924 | ||
| 003 | ES-MaACL | ||
| 005 | 20230906194055.0 | ||
| 007 | t| | ||
| 008 | 070214s1973 sp r ||||1| spa d | ||
| 100 | 1 |
_aRodríguez Neila, Juan Francisco. _998698 |
|
| 245 | 1 | 4 |
_aLos Balbos de Cádiz _b: dos españoles en la Roma de César y Augusto / _cJuan Francisco Rodríguez Neila. |
| 260 |
_aSevilla : _bUniversidad, Filosofía y Letras, _c1973. |
||
| 300 |
_a320 p., 11 lám. ; _c24 cm. |
||
| 710 | 2 |
_aUniversidad de Sevilla. _bFilosofía y Letras. _97310 |
|
| 852 |
_aES-MaACL _jC-55424 _bR.88128 |
||
| 999 |
_c131924 _d131924 |
||